<?xml version="1.0" encoding="UTF-8"?>
<record
    xmlns:xsi="http://www.w3.org/2001/XMLSchema-instance"
    xsi:schemaLocation="http://www.loc.gov/MARC21/slim http://www.loc.gov/standards/marcxml/schema/MARC21slim.xsd"
    xmlns="http://www.loc.gov/MARC21/slim">

  <leader>03481nam a2200481 i 4500</leader>
  <controlfield tag="001">52232</controlfield>
  <controlfield tag="003">FINmELB</controlfield>
  <controlfield tag="005">20241216232357.0</controlfield>
  <controlfield tag="006">m     o  u        </controlfield>
  <controlfield tag="007">cr cn|||||||||</controlfield>
  <controlfield tag="008">211013s2008    ag      ob    000 0 spa d</controlfield>
  <datafield tag="020" ind1=" " ind2=" ">
    <subfield code="z">9789871305438</subfield>
  </datafield>
  <datafield tag="035" ind1=" " ind2=" ">
    <subfield code="a">(OCoLC)1280141686</subfield>
  </datafield>
  <datafield tag="040" ind1=" " ind2=" ">
    <subfield code="a">FINmELB</subfield>
    <subfield code="b">spa</subfield>
    <subfield code="e">rda</subfield>
    <subfield code="c">FINmELB</subfield>
  </datafield>
  <datafield tag="050" ind1=" " ind2="4">
    <subfield code="a">Z711.2</subfield>
    <subfield code="b">M664 2008</subfield>
  </datafield>
  <datafield tag="080" ind1=" " ind2=" ">
    <subfield code="a">02</subfield>
  </datafield>
  <datafield tag="082" ind1="0" ind2="4">
    <subfield code="a">025.56</subfield>
    <subfield code="2">23</subfield>
  </datafield>
  <datafield tag="100" ind1="1" ind2=" ">
    <subfield code="a">Monfasani, Rosa Emma,</subfield>
    <subfield code="e">autor.</subfield>
  </datafield>
  <datafield tag="245" ind1="1" ind2="0">
    <subfield code="a">Usuarios de la informaci&#xF3;n :</subfield>
    <subfield code="b">formaci&#xF3;n y desaf&#xED;os /</subfield>
    <subfield code="c">Rosa Emma Monfasani, Marcela Fabiana Curzel.</subfield>
  </datafield>
  <datafield tag="250" ind1=" " ind2=" ">
    <subfield code="a">2a edici&#xF3;n ampliada.</subfield>
  </datafield>
  <datafield tag="264" ind1=" " ind2="1">
    <subfield code="a">Ciudad Aut&#xF3;noma de Buenos Aires :</subfield>
    <subfield code="b">Alfagrama Ediciones,</subfield>
    <subfield code="c">2008.</subfield>
  </datafield>
  <datafield tag="300" ind1=" " ind2=" ">
    <subfield code="a">1 recurso en l&#xED;nea (272 p&#xE1;ginas)</subfield>
  </datafield>
  <datafield tag="336" ind1=" " ind2=" ">
    <subfield code="a">texto</subfield>
    <subfield code="b">txt</subfield>
    <subfield code="2">rdacontent/spa</subfield>
  </datafield>
  <datafield tag="337" ind1=" " ind2=" ">
    <subfield code="a">computadora</subfield>
    <subfield code="b">c</subfield>
    <subfield code="2">rdamedia/spa</subfield>
  </datafield>
  <datafield tag="338" ind1=" " ind2=" ">
    <subfield code="a">recurso en l&#xED;nea</subfield>
    <subfield code="b">cr</subfield>
    <subfield code="2">rdacarrier/spa</subfield>
  </datafield>
  <datafield tag="490" ind1="1" ind2=" ">
    <subfield code="a">Biblioteca Alfagrama</subfield>
  </datafield>
  <datafield tag="504" ind1=" " ind2=" ">
    <subfield code="a">Incluye referencias bibliogr&#xE1;ficas.</subfield>
  </datafield>
  <datafield tag="520" ind1=" " ind2=" ">
    <subfield code="a">La formaci&#xF3;n de usuarios de la informaci&#xF3;n es un h&#xE1;bito de las bibliotecas desde que estas se convirtieron en reservorios del saber y la cultura. Desde los comienzos se estuvieron preparando para cumplir un papel protag&#xF3;nico en la sociedad y mostrar a qui&#xE9;nes llegaban a ellas que documentos ten&#xED;an, como pod&#xED;an acceder a ellos y qu&#xE9; servicios les pod&#xED;an prestar. La producci&#xF3;n de informaci&#xF3;n fue creciendo aceleradamente y los modelos para organizarla y ponerla a disposici&#xF3;n de los usuarios fueron adecu&#xE1;ndose a diferentes necesidades. El bibliotecario se dedic&#xF3; a satisfacer las nuevas demandas y confeccion&#xF3; guias en donde los recursos y servicios estaban ampliamente representados. Prepar&#xF3; en forma detallada y paso a paso el camino para que el usuario supiera como ten&#xED;a que hacer para encontrar lo que buscaba. Mas adelante aparecieron los servicios virtuales, con una gran variedad de recursos y accesos a otras fuentes de informaci&#xF3;n. El usuario no podia completar toda la informaci&#xF3;n que necesitaba y el bibliotecario, ante esas circunstancias, tuvo que preparar nuevas formas para formar. Este libro nace con el objeto de que todo tipo de biblioteca, ya sea publica, escolar o universitaria, pueda preparar un plan de formaci&#xF3;n de usuarios. Las tres partes en que se divide presentan una continuidad, para que el contenido de cada una pueda utilizarse en forma integral o independiente, de modo de poder crear un nuevo modelo. Se han incluido ejemplos de diversas bibliotecas, que permiten realizar un estudio comparativo o extraer datos de inter&#xE9;s, y las experiencias realizadas en la unidad de informacion donde las autoras desarrollan su trabajo habitual.</subfield>
  </datafield>
  <datafield tag="588" ind1=" " ind2=" ">
    <subfield code="a">Descripci&#xF3;n basada en metadatos suministrados por el editor y otras fuentes.</subfield>
  </datafield>
  <datafield tag="590" ind1=" " ind2=" ">
    <subfield code="a">Recurso electr&#xF3;nico. Santa Fe, Arg.: elibro, 2021. Disponible v&#xED;a World Wide Web. El acceso puede estar limitado para las bibliotecas afiliadas a elibro.</subfield>
  </datafield>
  <datafield tag="650" ind1=" " ind2="0">
    <subfield code="a">Library orientation.</subfield>
  </datafield>
  <datafield tag="650" ind1=" " ind2="4">
    <subfield code="a">Formaci&#xF3;n de Usuarios.</subfield>
  </datafield>
  <datafield tag="650" ind1=" " ind2="4">
    <subfield code="a">Estudio de usuarios.</subfield>
  </datafield>
  <datafield tag="650" ind1=" " ind2="4">
    <subfield code="a">Bibliotecolog&#xED;a.</subfield>
  </datafield>
  <datafield tag="655" ind1=" " ind2="4">
    <subfield code="a">Libros electr&#xF3;nicos.</subfield>
  </datafield>
  <datafield tag="700" ind1="1" ind2=" ">
    <subfield code="a">Curzel, Marcela Fabiana,</subfield>
    <subfield code="e">autor.</subfield>
  </datafield>
  <datafield tag="797" ind1="2" ind2=" ">
    <subfield code="a">elibro, Corp.</subfield>
  </datafield>
  <datafield tag="830" ind1=" " ind2="0">
    <subfield code="a">Biblioteca Alfagrama.</subfield>
  </datafield>
  <datafield tag="856" ind1="4" ind2="0">
    <subfield code="u">https://elibro.net/ereader/politecnicointernacional/188016</subfield>
  </datafield>
  <datafield tag="999" ind1=" " ind2=" ">
    <subfield code="c">52232</subfield>
    <subfield code="d">52232</subfield>
  </datafield>
</record>
